000 00275nam a2200121Ia 4500
100 _aNone
650 _aDraughtsman
942 _cBK
654 _aDraughtsman mechanical
245 _aDraughtsman mechanical with syllabus
260 _bNew Heights
_aDelhi
546 _aENGLISH
999 _c23377
_d23377